书目信息 |
| 题名: |
洛伦佐和乔瓦娜
|
|
| 作者: | 斯曼 著 ;陈瑶 译 | |
| 分册: | ||
| 出版信息: | 北京 北京大学出版社 2018 |
|
| 页数: | 316页, [3] 页图版 | |
| 开本: | 21cm | |
| 丛书名: | ||
| 单 册: | ||
| 中图分类: | J154.609.3 | |
| 科图分类: | ||
| 主题词: | 文艺复兴--wen yi fu xing--艺术史--史料--意大利 | |
| 电子资源: | ||
| ISBN: | 978-7-301-29633-2 | |
| 000 | 01807cam0 2200301 450 | |
| 001 | 1946433428 | |
| 005 | 20190102134638.8 | |
| 010 | @a978-7-301-29633-2@dCNY 69.00 | |
| 099 | @aCAL 012018138089@aCAL 012018138281 | |
| 100 | @a20180926d2018 em y0chiy50 ea | |
| 101 | 1 | @achi@cdut |
| 102 | @aCN@b110000 | |
| 105 | @aaf a 000yy | |
| 200 | 1 | @a洛伦佐和乔瓦娜@Aluo lun zuo he qiao wa na@e文艺复兴时期永恒的艺术与短暂的生命@f(荷) 赫尔特·扬·凡·德尔·斯曼著@d= Lorenzo & Giovanna@eschoonheid en noodlot in florence@fGert Jan van der Sman@g陈瑶译@zdut |
| 210 | @a北京@c北京大学出版社@d2018 | |
| 215 | @a316页, [3] 页图版@c图 (部分彩图)@d21cm | |
| 300 | @a本书的出版得到荷兰文学基金会的资助 | |
| 320 | @a有书目 (第295-311页) | |
| 330 | @a洛伦佐和乔瓦纳是意大利佛罗伦萨文艺复兴时期的一对名人夫妇,他们是当时最有影响力的艺术品赞助人和收藏家, 结交了许多意大利文艺复兴时期杰出的艺术家。本书作者从两人家庭的档案中挖掘了许多未曾公开的资料, 这些资料包括日记、书信、本人创作的诗歌和艺术品等等, 从中窥见了文艺复兴时期人们的日常生活细节, 关于爱情、婚姻、生命和死亡等等的观念, 阐明了生活与艺术在这一时期是如何融会在一起的, 艺术对人们的日常生活和观念产生了何等重要的影响。本书是一部优秀的艺术史著作, 把丰富的材料和精彩的叙述以及深刻的阐释结合在一起, 并附有精美的图片, 不仅在学术方法上对国内学界有借鉴价值, 对普通读者而言同样引人入胜。 | |
| 500 | 10 | @aLorenzo & Giovanna : schoonheid en noodlot in florence@mChinese |
| 517 | 1 | @a文艺复兴时期永恒的艺术与短暂的生命@Awen yi fu xing shi qi yong heng de yi shu yu duan zan de sheng ming |
| 606 | 0 | @a文艺复兴@Awen yi fu xing@x艺术史@x史料@y意大利 |
| 690 | @aJ154.609.3@v4 | |
| 701 | 1 | @a斯曼@Asi man@g(Sman, Gert Jan van der)@4著 |
| 702 | 0 | @a陈瑶@Achen yao@4译 |
| 801 | 0 | @aCN@bSEU@c20181031 |
| 801 | 2 | @aCN@bPUL@c20181204 |
| 905 | @aBZT@dJ154.609.3@e2 | |
| 洛伦佐和乔瓦娜:文艺复兴时期永恒的艺术与短暂的生命/(荷) 赫尔特·扬·凡·德尔·斯曼著= Lorenzo & Giovanna:schoonheid en noodlot in florence/Gert Jan van der Sman/陈瑶译.-北京:北京大学出版社,2018 |
| 316页, [3] 页图版:图 (部分彩图);21cm |
| 本书的出版得到荷兰文学基金会的资助 |
| ISBN 978-7-301-29633-2:CNY 69.00 |
| 洛伦佐和乔瓦纳是意大利佛罗伦萨文艺复兴时期的一对名人夫妇,他们是当时最有影响力的艺术品赞助人和收藏家, 结交了许多意大利文艺复兴时期杰出的艺术家。本书作者从两人家庭的档案中挖掘了许多未曾公开的资料, 这些资料包括日记、书信、本人创作的诗歌和艺术品等等, 从中窥见了文艺复兴时期人们的日常生活细节, 关于爱情、婚姻、生命和死亡等等的观念, 阐明了生活与艺术在这一时期是如何融会在一起的, 艺术对人们的日常生活和观念产生了何等重要的影响。本书是一部优秀的艺术史著作, 把丰富的材料和精彩的叙述以及深刻的阐释结合在一起, 并附有精美的图片, 不仅在学术方法上对国内学界有借鉴价值, 对普通读者而言同样引人入胜。 |
| ● |
| 相关链接 |
|
|
|
正题名:洛伦佐和乔瓦娜
索取号:J154.609.3/2
 
预约/预借
| 序号 | 登录号 | 条形码 | 馆藏地/架位号 | 状态 | 备注 |
| 1 | 868243 | 2000868243 | 第二书库/ [索取号:J154.609.3/2] | 在馆 | |
| 2 | 868244 | 2000868244 | 第二书库/ [索取号:J154.609.3/2] | 在馆 | |
| 3 | 868245 | 2000868245 | 第二书库/ [索取号:J154.609.3/2] | 在馆 |